Divná místa /
Hrdinové tohoto souboru povídek procházejí peripetiemi svého života a je jen na nich, jak s nastalými situacemi naloží.
Uloženo v:
| Hlavní autor: | |
|---|---|
| Médium: | E-kniha |
| Jazyk: | Czech |
| Vydáno: |
V Praze :
Jonathan Livingston,
2026
|
| Témata: | |
| Tagy: |
Žádné tagy |
| LEADER | 02333nam a2200409 i 4500 | ||
|---|---|---|---|
| 001 | 305246 | ||
| 003 | CZ PrSKC | ||
| 005 | 20260601155350.0 | ||
| 007 | ta | ||
| 008 | 260416s2026 xr g 000 j cze | ||
| 015 | |a cnb003751464 | ||
| 020 | |a 9788075514196 |q (brožováno) | ||
| 040 | |a ABG001 |b cze |d ABA001 |e rda | ||
| 072 | 7 | |a 821.162.3-3 |x Česká próza |2 Konspekt | |
| 080 | |a 821.162.3-32 |2 MRF | ||
| 080 | |a (0:82-321.4) |2 MRF | ||
| 080 | |a (0:82-321.1) |2 MRF | ||
| 100 | 1 | |a Kukal, Petr, |d 1970- |7 kpwa4046 |4 aut | |
| 245 | 1 | 0 | |a Divná místa / |c Petr Kukal |
| 264 | 1 | |a V Praze : |b Jonathan Livingston, |c 2026 | |
| 300 | |a 101 stran ; |c 21 cm | ||
| 336 | |a text |b txt |2 rdacontent | ||
| 337 | |a bez média |b n |2 rdamedia | ||
| 338 | |a svazek |b nc |2 rdacarrier | ||
| 520 | 2 | |a Hrdinové tohoto souboru povídek procházejí peripetiemi svého života a je jen na nich, jak s nastalými situacemi naloží. |b Povídkový soubor Divná místa přináší šest příběhů lidí, kteří se ocitli v divném čase na divném místě. Divným časem tu ovšem není půlnoc po Štědrém večeru nebo letní slunovrat, ale kritický čas jejich životů: krize středního věku, náhle surově zvědomělé stárnutí, domnělý profesní vrchol či naopak dlouho nepřiznávaný tvůrčí pád. Tito lidé se v kritické životní etapě ocitají na místech se zvláštní minulostí, která se právě jim ohlásí s překvapivou intenzitou. Nakladatelská anotace. Kráceno. | |
| 655 | 7 | |a české povídky |7 fd133971 |2 czenas | |
| 655 | 7 | |a společenské povídky |7 fd764345 |2 czenas | |
| 655 | 7 | |a psychologické povídky |7 fd278578 |2 czenas | |
| 655 | 9 | |a Czech short stories |2 eczenas | |
| 655 | 9 | |a social short stories |2 eczenas | |
| 655 | 9 | |a psychological short stories |2 eczenas | |
| 710 | 2 | |a Jonathan Livingston (nakladatelství) |7 xx0221730 |4 pbl | |
| 900 | |a ABA001 |b 19 | ||
| 044 | |a xr | ||
| 910 | |a RBIT002 | ||
| 998 | |d 427526 |a https://core.palmknihy.cz/api/books/427526/cover?tfy9jb |b https://core.palmknihy.cz/api/books/427526/cover/400?tfy9jb |c https://core.palmknihy.cz/api/books/427526/cover/50?tfy9jb |e 2031-06-01 |g 102 |i 9788075514196 |j https://core.palmknihy.cz/api/books/427526/preview.epub |k https://core.palmknihy.cz/api/books/427526/preview.pdf |l |q 49 |r 1 |s https://www.palmknihy.cz/kniha/427526 |t ebook |y 2026 |z 0 | ||
| 999 | |d 305244 | ||